000 00973cam a2200229 4500
001 WB3628-04
008 000000n2000 000 0 eng u
035 _a(Sirsi) u107224
245 _aBusiness property growth falls
260 _c2000
490 _aRICS Press Release
_v(pr088) 18 July 2000 (2)
520 _aLatest RICS Commercial Property Survey shows that growth in demand for business premises fell during 2Q 2000. A total of 9% of respondents claimed that demand had grown compared to 21% in the 1Q. The number of businesses looking to buy or rent over the quarter has increased, implying that prosects look good overall.
590 _aWB
650 _aRICS SURVEY
650 _aBUSINESS PROPERTY
650 _aOFFICE SPACE
650 _aPROPERTY-COMMERCIAL PROPERTY-RETAIL PROPERTY-RETAIL PROPERTY MARKET
650 _aINDUSTRIAL MARKET
650 _aRENTAL GROWTH
690 _aPROPERTY-COMMERCIAL PROPERTY-COMMERCIAL PROPERTY MARKET
942 _n0
999 _c64103
_d64103